| 000 | 00706nam a2200217 u 4500 | ||
|---|---|---|---|
| 005 | 20210223131336.0 | ||
| 008 | 100810s2007 es r 000 0 spa d | ||
| 020 | _a9788497713733 | ||
| 035 | _aUPN01000177270 | ||
| 049 | _aI | ||
| 050 | 4 |
_aTK140 E3 _bN6.3 |
|
| 100 | 1 |
_aNovelli, Luca, _d1947- _931283 |
|
| 245 | 1 | 0 |
_aEdison : _bcómo inventar de todo y más / _cLuca Novelli ; tr. Marta Battaner |
| 260 |
_aMadrid : _bEditex, _c2007. |
||
| 300 |
_a107 p. : _bil. |
||
| 440 | 0 | _aVidas geniales de la ciencia | |
| 534 |
_pTítulo original: _tEdison come inventare di tutto e di più... |
||
| 600 | 1 | 4 |
_aEDISON, THOMAS ALVA, _d1847-1931 _912698 |
| 650 | 4 |
_aINVENTORES - _vBIOGRAFIA _918890 |
|
| 905 | _aLibro | ||
| 999 |
_c149373 _d149373 |
||